| 000 | 00348nam a2200133Ia 4500 | ||
|---|---|---|---|
| 008 | 240624s9999 xx 000 0 und d | ||
| 041 | _aeng | ||
| 082 | _a346.07 PAN | ||
| 100 | _aPANTEGHINI PAOLO M | ||
| 245 | _aCORPORATE TAXATION IN A DYNAMIC WORLD | ||
| 260 |
_c2007 _aLondon _bSpringer |
||
| 300 | _ax, : 232 : p. : cm. ; 24 | ||
| 365 |
_cERU _b26 |
||
| 999 |
_c20623 _d20623 |
||